Anagrammes aléatoires - villes des États-unis - Statistiques

Statistiques générales
  • Ce quiz a été pris 215 fois
  • Le résultat moyen est 8 sur 15
Statistiques - réponses
Ville % Correct
Philadelphie
90%
Boston
82%
Phoenix
81%
Atlanta
80%
Houston
80%
Miami
80%
Jackson
71%
Denver
69%
Omaha
69%
Cincinnati
67%
Tampa
67%
Detroit
63%
Washington
58%
Chicago
56%
Milwaukee
55%
Orlando
54%
Gary
53%
Seattle
53%
Minneapolis
50%
Indianapolis
47%
Pittsburgh
44%
Cleveland
43%
Dallas
41%
Mesa
41%
Nashville
40%
Portland
39%
Austin
36%
Birmingham
36%
Mesa
36%
Baltimore
33%
Dover
31%
Fargo
29%
Tacoma
29%
Albany
27%
Sacramento
27%
Flint
25%
Tallahassee
25%
Raleigh
20%
Wichita
18%
Jacksonville
16%
Richmond
15%
Boulder
10%
Newark
6%
Rochester
6%
Aucun quiz correspondant
Distribution des résultats
% des personnes avec chaque résultat
Percentile par nombre de réponses
Votre historique - résultats
Vous n’avez pas pris ce quiz